| 000 | 00657nam a2200229Ia 4500 | ||
|---|---|---|---|
| 003 | OSt | ||
| 005 | 20220928114527.0 | ||
| 006 | a|||||r|||| 00| 0 | ||
| 007 | ta | ||
| 008 | 220927b |||||||| |||| 00| 0 eng d | ||
| 024 | _a36358 | ||
| 037 | _cTextual | ||
| 040 |
_aSDCL _cSDCL _beng |
||
| 041 |
_2eng _aeng |
||
| 082 | _aU641.20b4'N9, N2 | ||
| 100 |
_aIbero-American Community _9439424 |
||
| 245 | 0 | _aIndo-Asiatic encounters with Ibero-America. | |
| 260 |
_aNew Delhi _bIbero-American Community _c1992 |
||
| 300 |
_ax,150p. _ccm. |
||
| 942 |
_hU641.20b4'N9, N2 _cTEXL _2CC |
||
| 999 |
_c755117 _d755117 |
||